000
00301nam a2200121Ia 4500
008
220204s9999 xx 000 0 und d
082
_a
62-03
_b
HOR
100
_a
Hornsey, Edward
245
0
_a
Mechanics of materials
260
_a
New Jersey
_b
Houghton Miffin
_c
1977
650
_a
Materials
942
_c
BK
999
_c
26748
_d
26748